Evaluación de los servicios de salud que brindan las empresas promotoras de salud : (Registro nro. 5941)
[ vista simple ]
| 000 -LEADER | |
|---|---|
| fixed length control field | 01249nam a2200241Ia 4500 |
| 003 - CONTROL NUMBER IDENTIFIER | |
| control field | OSt |
| 005 - DATE AND TIME OF LATEST TRANSACTION | |
| control field | 20200903181601.0 |
| 008 - FIXED-LENGTH DATA ELEMENTS--GENERAL INFORMATION | |
| fixed length control field | 191128s2003 ck ad fr 000 0 spa d |
| 040 ## - CATALOGING SOURCE | |
| Original cataloging agency | CO-JMCR |
| Transcribing agency | CO-JMCR |
| 041 0# - LANGUAGE CODE | |
| Language code of text/sound track or separate title | spa |
| 082 04 - DEWEY DECIMAL CLASSIFICATION NUMBER | |
| Classification number | 362.1068 / |
| Item number | M516e |
| Edition number | 23 |
| 100 1# - MAIN ENTRY--PERSONAL NAME | |
| Personal name | Mejía Villegas, Dario, |
| Relator term | responsable de la investigación |
| 9 (RLIN) | 8694 |
| 245 10 - TITLE STATEMENT | |
| Title | Evaluación de los servicios de salud que brindan las empresas promotoras de salud : |
| Remainder of title | índice de vulneración o cumplimiento del derecho a la salud en el esquema de aseguramiento / |
| Statement of responsibility, etc. | responsable de la investigación, Darío Mejía Villegas ; equipo investigativo Martha Lucía Gualtero Reyes, Juan Carlos Rey Argote y Hilario Pardo Ariza |
| 260 ## - PUBLICATION, DISTRIBUTION, ETC. | |
| Place of publication, distribution, etc. | Bogotá : |
| Name of publisher, distributor, etc. | Defensoría del Pueblo, |
| Date of publication, distribution, etc. | 2003 |
| 300 ## - PHYSICAL DESCRIPTION | |
| Extent | 92 páginas : |
| Other physical details | gráficos a blanco y negro ; |
| Dimensions | 24 cm. |
| 505 0# - FORMATTED CONTENTS NOTE | |
| Formatted contents note | Acción defensorial -- La encuesta -- Resultados generales -- Resultados en los diferentes componentes que integran el servicio de salud |
| 650 14 - SUBJECT ADDED ENTRY--TOPICAL TERM | |
| Topical term or geographic name entry element | Derecho a la salud |
| 9 (RLIN) | 9776 |
| 650 14 - SUBJECT ADDED ENTRY--TOPICAL TERM | |
| Topical term or geographic name entry element | Encuesta |
| 9 (RLIN) | 9777 |
| 700 1# - ADDED ENTRY--PERSONAL NAME | |
| Personal name | Gualtero Reyes, Martha Lucía, |
| Relator term | investigadora |
| 9 (RLIN) | 9778 |
| 700 1# - ADDED ENTRY--PERSONAL NAME | |
| Personal name | Rey Argote, Juan Carlos, |
| Relator term | investigador |
| 9 (RLIN) | 9779 |
| 700 1# - ADDED ENTRY--PERSONAL NAME | |
| Personal name | Pardo Ariza, Hilario, |
| Relator term | investigador |
| 9 (RLIN) | 9780 |
| 942 ## - ADDED ENTRY ELEMENTS (KOHA) | |
| Source of classification or shelving scheme | Dewey Decimal Classification |
| Koha item type | Books |
| Withdrawn status | Lost status | Source of classification or shelving scheme | Damaged status | Not for loan | Collection code | Home library | Current library | Date acquired | Source of acquisition | Full call number | Barcode | Date last seen | Copy number | Koha item type |
|---|---|---|---|---|---|---|---|---|---|---|---|---|---|---|
| Dewey Decimal Classification | Non-fiction | Biblioteca Pública José María del Castillo y Rada | Biblioteca Pública José María del Castillo y Rada | 04/15/2018 | Donación | 362.1068 / M516e | 430010700 | 05/16/2024 | Ej.1 | Books |